000 00702nam a2200289Ia 4500
005 20260324130653.0
008 008 260324s9999 xx 000 0 eng d
020 _a9780429249143
037 _aEBOOK
040 _aCRL
040 _beng
040 _cCRL
041 _2eng
041 _aeng
084 _qCRL
100 _aDennis F.X. Mathaisel
_91182650
245 0 _aSustaining the Military Enterprise
245 3 _bAn Architecture for a Lean Transformation
260 _bTaylor and Francis
260 _c2007
365 _a
365 _b170
856 _uhttp://www.taylorfrancis.com/books/9780429249143
942 _cEBOOK
999 _c1779025
_d1779025